| 000 | 00429nam a22001577a 4500 | ||
|---|---|---|---|
| 999 |
_c11907 _d11907 |
||
| 008 | 210517b ||||| |||| 00| 0 eng d | ||
| 020 | _a9780712657594 | ||
| 082 |
_a158 _bCSI |
||
| 100 | _aCsikszentmihalyi, Mihaly | ||
| 245 | _aFlow : the classic work on how to achieve happiness | ||
| 260 |
_aLondon _bRIDER _c2002 |
||
| 300 | _aVii, 303p. | ||
| 650 | _aHappiness | ||
| 650 | _aSelf-actualization (Psychology) | ||
| 942 | _cBK | ||